| 000 | nam a22 7a 4500 | ||
|---|---|---|---|
| 999 |
_c7169 _d7169 |
||
| 003 | OSt | ||
| 005 | 20181030171429.0 | ||
| 008 | 181030s2015 sp a | ||||o000 0 spa d | ||
| 020 | _a9788488788924 | ||
| 040 |
_aSpMaBN _bcat _cCDMR |
||
| 100 | 1 |
_aOrduna, Guillermo _d1954- |
|
| 245 | 1 | 3 |
_aEl periodista de radio y-- ¿quién está al otro lado? _cGuillermo Orduna |
| 260 |
_aMadrid _bInstituto Radio Televisión Española _cD.L. 2015 |
||
| 300 |
_a163 p. _bil. col. y n., gráf. _c24 cm |
||
| 504 | _aBibliografía: p. 159-161 | ||
| 650 | 4 |
_aRadiodifusió per Internet _94163 |
|
| 650 | 0 | 4 |
_aGuions radiofònics _93142 |
| 650 | 0 | 4 |
_aRàdio _92800 _xLlenguatge |
| 650 | 0 | 4 |
_aRàdio _91724 _xProgramació |
| 650 | 0 | 4 |
_aRàdio _92384 _xTècnica |
| 650 | 0 | 4 |
_aRadiodifusió _91981 _xNoticiaris |
| 942 | _cMON | ||